000 01013cad a22002175a 4500
001 E154888
008 120130s2011 xxk f 000 0 eng d
035 _a(Sirsi) u154888
041 0 _aeng
110 2 _aLand Use Consultants
_93228
245 0 3 _aAn assessment of the impacts of climate change on Scottish landscapes and their contribution to quality of life
_bfinal report
_h[electronic resource]
260 _aInverness
_bSNH
_c2011
505 2 _aScottish Natural Heritage Commissioned Report
_v(488)
520 _aLooks at the potential effects of climate change on the Scottish environment, including farming, forestry and the built environment. Suggests that the greatest initial impact is likely to be felt in lowland and coastal areas.
590 _aKA
651 4 _aScotland
_y1999-
690 _aLand use
_96251
690 _aSustainability
_96271
856 4 0 _uhttps://www.snh.org.uk/pdfs/publications/commissioned_reports/488_1.pdf
_zView the report free of charge at www.snh.org.uk
942 _n0
999 _c113216
_d113216